000 00723nam a2200205 a 4500
001 000031580
005 20200930063029.0
008 110627s1977 dr a 000 0 spa d
040 _aDO-SdBNP
_bspa
_cBNPHU
082 _a917.293
_bF386c
100 1 _aFerrero, Ramón Alberto
_957918
245 1 3 _aEl camino del Cibao :
_b(por los fueres de mi pueblo) /
_cRamón Alberto Ferrero.
260 _aSanto Domingo :
_bEdiciones Nordeste,
_c1977.
300 _a56 p. :
_bil. ;
_c20 cm.
650 4 _aCiudades y pueblos
_zRepública Dominicana
_9784
651 4 _aRepública Dominicana
_xDescripciones Y Viajes
_91651
651 4 _aRepública Dominicana
_xHistoria
_9170
910 _aValidado. Control de calidad EMS
049 _aBNPD
999 _c31072
_d31072